• 首页
  • 本馆介绍
  • 公告通知
  • 最新文献
  • 馆藏检索
  • 电子资源
  • 读者导购
  • 参考咨询
  • 我的图书馆
  • 登录
  • 详细信息显示
  • 放入我的书架
  • 预约/预借图书
  • 作者相关作品
  • 分类相关作品
  • 丛书相关作品
  • 出版社相关作品

书目信息

  • 表格格式
  • 工作单格式
  • 卡片格式
题名:
无机化工工艺学
    
 
作者: 陈五平 主编
分册: 下册   纯碱、烧碱
出版信息: 北京   化学工业出版社  2001
页数: 155页
开本: 26cm
丛书名:
单 册:
中图分类: TQ110.6
科图分类:
主题词: 无机化工--生产工艺--高等学校--教材 , 无机化工
电子资源:
ISBN: 7-5025-3415-6
000 00998nam0 2200253 45
001 060000001775
005 20050906153024.90
010    @a7-5025-3415-6@dCNY18.00
100    @a20040527e20042001ekmy0chiy0120 ea
101 0  @achi
102    @aCN@b110000
105    @aak az 000yy
200 1  @a无机化工工艺学@Awu ji hua gong gong yi xue@h下册@i纯碱、烧碱@f陈五平主编@Fchen wu ping zhu bian
205    @a3版
210    @a北京@c化学工业出版社@d2001@h2004重印
215    @a155页@c图@d26cm
300    @a普通高等教育“九五”国家级重点教材
330    @a本书内容包括纯碱和烧碱两部分。分别介绍制造纯碱和烧碱的基本原理。工艺计算、主要生产方法、工艺流程及主要设备。纯碱部分介绍了氨碱法、联合制碱法、天然碱加工及其它制碱方法。烧碱部分介绍苛化法和电解法制烧碱以及氯气、氢气、液氮、氯化氮、盐酸的制造。
606 0  @a无机化工@x生产工艺@x高等学校@j教材
606 0  @a无机化工
690    @aTQ110.6@v4
701  0 @a陈五平@9chen wu ping@4主编
801  0 @aCN@bTSSF@c20050906
905    @a10447@dTQ110.6@e11:3=3
    
    无机化工工艺学.下册.纯碱、烧碱/陈五平主编.-3版.-北京:化学工业出版社,2001(2004重印)
    155页:图;26cm
    普通高等教育“九五”国家级重点教材
    
    ISBN 7-5025-3415-6:CNY18.00
    本书内容包括纯碱和烧碱两部分。分别介绍制造纯碱和烧碱的基本原理。工艺计算、主要生产方法、工艺流程及主要设备。纯碱部分介绍了氨碱法、联合制碱法、天然碱加工及其它制碱方法。烧碱部分介绍苛化法和电解法制烧碱以及氯气、氢气、液氮、氯化氮、盐酸的制造。
●
相关链接 在E读中查询图书 在五车中查询图书 在当当中查询图书 在豆瓣中查询图书


正题名:无机化工工艺学     索取号:TQ110.6/11:3=3         预约/预借

序号 登录号 条形码 馆藏地/架位号 状态 备注
1 0359841   3598413   第二样本阅览室/ [索取号:TQ110.6/11:3=3] 在馆    
2 0359842   3598422   第三借阅区/ [索取号:TQ110.6/11:3=3] 在馆    
3 0359843   3598431   第三借阅区/ [索取号:TQ110.6/11:3=3] 在馆    
唐山师范学院图书馆 欢迎您!
大连网信软件有限公司© 版权所有